000 01180nac a22002771i 4500
003 EG-ScBUE
005 20250812092734.0
008 250730r19631960enka f b 001 0 eng d
040 _aEG-ScBUE
_beng
_erda
_cEG-ScBUE
_dEG-ScBUE
082 0 4 _a544.92
_bCHR
_222
245 0 0 _aChromatographic and electrophoretic techniques /
_cedited by Ivor Smith, B.Sc., Ph.D., F.R.I.C., Lecturer in Chemistry and Biochemistry, Courtauld Institute, Middlesex Hospital, London ; Postgraduate Lecturer in Chromatographic and Electrophoretic Methods, Brunel College of Technology, London.
250 _aReprint edition.
264 1 _aLondon :
_bWilliam Heinemann/Medical Books, LTD.,
_c1963.
300 _avii, 215 pages :
_billustrations ;
_c23 cm
336 _2rdacontent
_atext
_btxt
337 _aunmediated
_2rdamedia
_bn
338 _avolume
_bnc
_2rdacarrier
504 _aIncludes bibliographical references and index.
505 1 _avolume 2. Zone electrophoresis.
650 7 _aChromatographic analysis.
_2BUEsh
650 7 _aElectrophoresis.
_2BUEsh
655 _vReading book
700 1 _aSmith, Ivor,
_eeditor.
942 _cBB
_2ddc
999 _c3544
_d3544